The immortal heritage, (Record no. 552062)
[ view plain ]
| 000 -LEADER | |
|---|---|
| fixed length control field | 00674cam a22001571 4500 |
| 082 ## - DEWEY DECIMAL CLASSIFICATION NUMBER | |
| Classification number | 940.4 |
| Author Mark | WAR |
| 100 1# - MAIN ENTRY--PERSONAL NAME | |
| Personal name | Ware, Fabian Arthur Goulstone, |
| 9 (RLIN) | 49262 |
| 245 14 - TITLE STATEMENT | |
| Title | The immortal heritage, |
| Remainder of title | an account of the work and policy of the Imperial war graves commission during twenty years, 1917-1937, |
| Statement of responsibility, etc. | by Fabian Ware, with an introduction by Edmund Blunden and thirty-two photographs. |
| 260 ## - PUBLICATION, DISTRIBUTION, ETC. | |
| Place of publication, distribution, etc. | Cambridge, [Eng.] |
| Name of publisher, distributor, etc. | The University press, |
| Date of publication, distribution, etc. | 1937. |
| 300 ## - PHYSICAL DESCRIPTION | |
| Extent | 80, [2] p. |
| Other physical details | front. [port.] illus., plates. |
| Dimensions | 21 cm. |
| 526 ## - STUDY PROGRAM INFORMATION NOTE | |
| Program name | 0 |
| Interest level | 0 |
| Reading level | 0 |
| Title point value | 940_400000000000000_WAR |
| 650 #0 - SUBJECT ADDED ENTRY--TOPICAL TERM | |
| Topical term or geographic name entry element | Cemeteries. |
| 9 (RLIN) | 49263 |
| 650 #0 - SUBJECT ADDED ENTRY--TOPICAL TERM | |
| Topical term or geographic name entry element | MCE |
| 9 (RLIN) | 379 |
| 650 #0 - SUBJECT ADDED ENTRY--TOPICAL TERM | |
| Topical term or geographic name entry element | Soldiers' monuments. |
| 9 (RLIN) | 49264 |
| 942 ## - ADDED ENTRY ELEMENTS (KOHA) | |
| Source of classification or shelving scheme | |
| Koha item type | Book |
| Withdrawn status | Lost status | Source of classification or shelving scheme | Damaged status | Not for loan | Permanent Location | Current Location | Shelving location | Date acquired | Total Checkouts | Full call number | Barcode | Date last seen | Price effective from | Koha item type |
|---|---|---|---|---|---|---|---|---|---|---|---|---|---|---|
| Military College of Engineering (MCE) | Military College of Engineering (MCE) | 01/06/2015 | 940.4 WAR | MCE-ECL/30 | 01/06/2015 | 03/14/2021 | Book |
